Mier duše (Record no. 20452)
[ view plain ]
| 000 -LEADER | |
|---|---|
| fixed length control field | 01314nam a2200397 a 4500 |
| 001 - CONTROL NUMBER | |
| control field | 20452 |
| 003 - CONTROL NUMBER IDENTIFIER | |
| control field | VRT |
| 005 - DATE AND TIME OF LATEST TRANSACTION | |
| control field | 20260122142236.0 |
| 008 - FIXED-LENGTH DATA ELEMENTS--GENERAL INFORMATION | |
| fixed length control field | 960531q1995 xo p 000 0 slo c |
| 020 ## - INTERNATIONAL STANDARD BOOK NUMBER | |
| International Standard Book Number | 8088834139 (brož.) |
| 035 ## - SYSTEM CONTROL NUMBER | |
| System control number | UKB000184593 |
| 040 ## - CATALOGING SOURCE | |
| Original cataloging agency | BAA001 |
| Language of cataloging | slo |
| Transcribing agency | BAA001 |
| Description conventions | AACR2 |
| 041 1# - LANGUAGE CODE | |
| Language code of text/sound track or separate title | slo |
| Language code of original | lat |
| 044 ## - COUNTRY OF PUBLISHING/PRODUCING ENTITY CODE | |
| MARC country code | xo |
| ISO country code | SK |
| 080 ## - UNIVERSAL DECIMAL CLASSIFICATION NUMBER | |
| Universal Decimal Classification number | 372.887.1 |
| 100 1# - MAIN ENTRY--PERSONAL NAME | |
| Personal name | Cicero, Marcus Tullius, |
| Dates associated with a name | 106-43 pred Kr. |
| 243 10 - COLLECTIVE UNIFORM TITLE | |
| Uniform title | <a href="Literatúra starovekého Ríma">Literatúra starovekého Ríma</a> |
| 245 00 - TITLE STATEMENT | |
| Title | Mier duše |
| Remainder of title | (Cicero, Seneca - vybrané spisy) |
| Statement of responsibility, etc. | [prel. Martin Vozák, Miloslav Okál] |
| 260 ## - PUBLICATION, DISTRIBUTION, ETC. | |
| Place of publication, distribution, etc. | Rohovce |
| Name of publisher, distributor, etc. | Interpopulart Slovakia |
| Date of publication, distribution, etc. | [1995] |
| 300 ## - PHYSICAL DESCRIPTION | |
| Extent | 79 s |
| 490 1# - SERIES STATEMENT | |
| Series statement | Populart. Študentská knižnica |
| Volume/sequential designation | 14 |
| 500 ## - GENERAL NOTE | |
| General note | Literatúra starovekého Ríma |
| 504 ## - BIBLIOGRAPHY, ETC. NOTE | |
| Bibliography, etc. note | Bibliogr. s. 77 |
| 650 07 - SUBJECT ADDED ENTRY--TOPICAL TERM | |
| Topical term or geographic name entry element | literatúra latinská staroveká |
| General subdivision | ZŠ a SŠ |
| -- | učebnice |
| 653 ## - INDEX TERM--UNCONTROLLED | |
| Uncontrolled term | 372.887.1 |
| 700 1# - ADDED ENTRY--PERSONAL NAME | |
| Personal name | Seneca, Lucius Annaeus, |
| Dates associated with a name | okolo 4 pred Kr.-65 po Kr. |
| Relationship | aut |
| 700 1# - ADDED ENTRY--PERSONAL NAME | |
| Personal name | Vozák, Martin |
| Relationship | trl |
| 700 1# - ADDED ENTRY--PERSONAL NAME | |
| Personal name | Okál, Miloslav |
| Relationship | trl |
| 760 1# - MAIN SERIES ENTRY | |
| Title | Populart. Študentská knižnica |
| 830 #0 - SERIES ADDED ENTRY--UNIFORM TITLE | |
| Uniform title | Populart. Študentská knižnica |
| Volume/sequential designation | 14 |
| 910 ## - USER-OPTION DATA (OCLC) | |
| User-option data | ukb |
| 942 ## - ADDED ENTRY ELEMENTS (KOHA) | |
| Source of classification or shelving scheme | Dewey Decimal Classification |
| Koha item type | Krásna literatúra pre dospelých |
| Suppress in OPAC | No |
| 949 ## - LOCAL PROCESSING INFORMATION (OCLC) | |
| 6 | 1800004739 |
| a | 30.D.64388 |
| b | PV.1829-96 |
| 949 ## - LOCAL PROCESSING INFORMATION (OCLC) | |
| 6 | 1800004738 |
| a | SL.D.23197 |
| b | PV.1830-96 |
| 949 ## - LOCAL PROCESSING INFORMATION (OCLC) | |
| 6 | 1800006911 |
| a | 30.D.64388 |
| b | KD.174-96 |
| Stav vyradenia | Strata | Poškodenie | Spôsob nadobudnutia | Domovská knižnica | Aktuálna knižnica | Dátum nadobudnutia | Total checkouts | Čiarový kód exemplára | Date last seen | Typ exemplára |
|---|---|---|---|---|---|---|---|---|---|---|
| Dar | Obecná knižnica Horná Štubňa | Obecná knižnica Horná Štubňa | 22.01.2026 | 8088834139 | 22.01.2026 | Krásna literatúra pre dospelých |
